LEADER 01061nam a2200265 u 4500 001 000000009045 003 CaOOAMICUS 005 20070226105148.0 008 940516s1964 it u000 u ita u 035 $a10229207 040 $aWaOLN$bita$dPUL(R) 100 1 $aColombo, Arrigo,$d1921-$0(OLS)http://pul/name/9008 245 10$aMartin Heidegger :$bil ritorno dell'essere /$cArrigo Colombo. 260 $aBologna :$bIl Mulino,$cc1964. 300 $a726 p. ;$c23 cm 490 1 $aSaggi : ;$v47 504 $aBibliografia in nota. 600 14$aHeidegger, Martin,$d1889-1976$xCritica e interpretazione.$0(OLS)http://pul/subject/4941 830 0$aSaggi (Il Mulino) ;$v47.$0(OLS)http://pul/title/7843 850 $aPUL 852 $aPUL$W1$xSL Filosofia 1$y2$m86 D 29$j12761$nBK-PRI$b $qStampati$B12761$CPULBib$Z2$F12761 $H $81 941 1 $a8 961 $aINV: 26041 996 $6245$aMartin Heidegger :$bil ritorno dell'essere$9(OLS)http://pul/title/13287 996 $6260$aBologna :$bIl Mulino$9(OLS)http://pul/publisher/47928 LEADER 01802nam a2200325 u 4500 001 000000053415 003 CaOOAMICUS 005 20070226115546.0 008 001115s1999 it u000 u ita u 035 $a10861293 040 $aPUL$bita 100 1 $aCisowski, Miros&/law.$0(OLS)http://pul/name/38021 245 12$aL'identità dell'IRC nella prospettiva concordataria :$bla progressiva identificazione dell'insegnamento della religione cattolica in Italia come disciplina scolastica nel periodo postconciliare /$cMiros&/law Cisowski. 260 $aRoma :$b[s.n.],$c1999. 300 $a93 p. ;$c24 cm 490 1 $aUniversità pontificia salesiana. Facoltà di teologia. Tesi di dottorato ;$vn. 415 500 $aEstratto di Diss. -- Pontificia Università salesiana. 504 $a"Bibliografia di tutta la dissertazione": p. 55-86. 650 4$aReligione$xInsegnamento$xStoria.$0(OLS)http://pul/subject/10757 710 2 $aPontificia Università Salesiana.$0(OLS)http://pul/name/7805 830 0$aTesi di dottorato (Pontificia Università salesiana. Facoltà di teologia) ;$vn. 415.$0(OLS)http://pul/title/71612 850 $aPUL 852 $aPUL$W1$xDP1 Tesi Pon. Univ. Salesiana$y46$mTH SAL 415$j70486$nBK-PRI$b $qTesi$B70486$CPULBib$Z2$F70486 $H $81 910 $aPontificio Ateneo Salesiano$97805 910 $aPontificio Ateneo Salesiano$97805 910 $aUniversità Pontificia Salesiana$97805 941 1 $a16 961 $aINV: 82749 996 $6245$aL'identità dell'IRC nella prospettiva concordataria :$bla progressiva identificazione dell'insegnamento della religione cattolica in Italia come disciplina scolastica nel periodo postconciliare$9(OLS)http://pul/title/71665 996 $6260$aRoma :$b[s.n.]$9(OLS)http://pul/publisher/47958